000 00531nam a2200193 i 4500
001 77156
003 ES-MaACL
005 20230906173112.0
007 t|
008 041007s1933 xxk ||||1| eng d
100 1 _aGwynn, Denis.
_961328
245 1 0 _aDe Valera /
_cby Denis Gwynn.
250 _a3ª ed.
260 _aLondon :
_bJarrolds,
_c1933.
300 _a286 p., 7 lám. ;
_c22 cm.
600 1 4 _aDe Valera, Éamon (
_d1882-1975)
_9172587
651 4 _aIrlanda-
_xHistoria-
_y1922-1949.
_9172588
852 _aES-MaACL
_jA-1569
999 _c77156
_d77156